Employment and unemployment in Lagos /

שמור ב:
מידע ביבליוגרפי
מחבר ראשי: Fapohunda, Olanrewaju Joseph, 1934-
פורמט: ספר
שפה:English
יצא לאור: The Hague : Institute of Social Studies, 1977.
סדרה:ISS occasional papers ; no.60
נושאים:
LEADER 00878nam a2200229 i 4500
001 c000253881
003 CARM
005 00000000000000.0
008 840822s1977 ne 0 eng d
019 1 |a 1084605  |z 58008770  |5 LACONCORD2021 
035 |a (OCoLC)3559528  |5 LACONCORD2021 
082 0 4 |a 331.1096691 
100 1 |a Fapohunda, Olanrewaju Joseph,  |d 1934- 
245 1 0 |a Employment and unemployment in Lagos /  |c Olanrewaju Fapohunda. 
260 |a The Hague :  |b Institute of Social Studies,  |c 1977. 
300 |a 18 p. 
440 0 |a ISS occasional papers ;  |v no.60 
500 |a Bibliography: p.17-18. 
650 0 |a Labor supply  |z Nigeria  |z Lagos. 
852 8 |b CARM  |h A1:AP06A0  |i B07259  |p 0364670  |f BK 
999 f f |i f8031e22-1853-54be-a31b-4e9a0ba24419  |s 40943729-c714-5ae3-93ff-c5c29ce90610 
952 f f |p Can circulate  |a CAVAL  |b CAVAL  |c CAVAL  |d CARM 1 Store  |e B07259  |f A1:AP06A0  |h Other scheme  |i book  |m 0364670